000 01380cam a2200133 4500500
005 20260405051051.0
041 _afre
042 _adc
100 1 0 _aFaudot, Marc
_eauthor
245 0 0 _aLes Cimetières : Des lieux de vie et d'histoires inattendues
260 _bArmand Colin,
_c2023.
520 _aChaque ville, chaque village a son cimetière et Marc Faudot les connaît bien. Architecte et ancien administrateur des cimetières de la ville de Paris, cet amoureux des lieux en arpente les allées depuis de nombreuses années. Il en sait les histoires et les secrets qu’il égraine sous la forme d’un dictionnaire empreint de poésie. Les dédales des catacombes, l’apparition des chrysanthèmes qui, au sortir de la Première Guerre mondiale, remplacèrent les bougies, le souvenir dansant des feux follets mais aussi les lois qui entourent les défunts, les exhumations répondant aux besoins d’une enquête, les épitaphes qui prêtent à sourire ; tout dans sa démarche invite à la découverte. À rebours de la morosité que l’on associe généralement aux cimetières, l'auteur décrit des lieux de vie et de partage dans lesquels se joue une touchante humanité. Des lieux emprunts d’histoire et de patrimoine où il fait bon se promener.
856 4 1 _uhttps://shs.cairn.info/les-cimetieres--9782200635473?lang=fr&redirect-ssocas=7080
999 _c2175095
_d2175095